LEADER 01622nam a2200301 u 4500 001 000000014135 003 CaOOAMICUS 005 20070226105729.0 008 940517s1989 it u000 u ita u 035 $a10336055 040 $aPUL(R)$bita 100 1 $aBertolino, Rinaldo.$0(OLS)http://pul/name/11667 245 13$aIl nuovo diritto ecclesiale tra coscienza dell'uomo e isituzione :$bsaggi di diritto costituzionale canonico /$cRinaldo Bertolino. 260 $aTorino :$bGiappichelli,$c1989. 300 $avii, 176 p. ;$c23 cm 490 1 $aCollana di studi di diritto canonico ed ecclesiastico.$aSezione canonistica ;$v1 504 $aContiene bibliografia. 650 4$aDiritto costituzionale canonico.$0(OLS)http://pul/subject/2961 830 0$aCollana di studi di diritto canonico ed ecclesiastico.$pSezione canonistica ;$v1.$0(OLS)http://pul/title/11570 850 $aPUL 852 $aPUL$W1$xSL Diritto Canonico 3$y77$m262. 99 CAN.7 1.1.1$j19871$nBK-PRI$b $qDDC 21$B19871$CPULBib$Z2$F19871 $H64655 $82 852 $aPUL$W1$xDP1 Fondo Ciprotti$y59$m1544 C 44$j19872$nBK-PRI$b $qFondi$B19872$CPULBib$Z2$F19872 $81 852 $aPUL$W1$xDP1 Fondo G. Barberini$y122$m3 C 56.1$j176391$nBK-PRI$b 3 copia$qFondi$B178857$CPULBib$Z2$F178857 $HBar1413 $81 941 1 $a9 941 1 $a1 961 $aINV: F. Ciprotti 996 $6245$aIl nuovo diritto ecclesiale tra coscienza dell'uomo e isituzione :$bsaggi di diritto costituzionale canonico$9(OLS)http://pul/title/20340 996 $6260$aTorino :$bGiappichelli$9(OLS)http://pul/publisher/48244 LEADER 01302nam a2200289 a 4500 001 000000166861 003 CaOOAMICUS 005 20180327095013.0 008 180327s1971 it c u000 u ita r 032 $aLibriCat 040 $aPUL$bita 100 1 $aPirandello, Luigi,$d1867-1936.$0(OLS)http://pul/name/64108 245 10$aMa non è una cosa seria ; Il giuoco delle parti /$cLuigi Pirandello ; con la cronologia della vita di Pirandello e dei suoi tempi, un'introduzione e una bibliografia a cura di Corrado Simioni. 246 33$aIl giuoco delle parti 260 $aMilano :$bA. Mondadori,$c1971. 300 $aLV, 153 p. :$britr. ;$c19 cm. 490 1 $aOscar ;$vL39 500 $aSulla cop.: Il teatro di Luigi Pirandello. 700 1 $aSimioni, Corrado.$0(OLS)http://pul/name/87431 830 0$aOscar Mondadori ;$vL39.$0(OLS)http://pul/title/18338 850 $aPUL 852 $aPUL$W1$xDP1 Fondo Dalla Palma$y117$m1 B 81$j151339$qFondi$B194374$CPULBib$Z2$F194374 $HDal1427 $81 941 1 $a1 996 $6245$aMa non è una cosa seria ; Il giuoco delle parti$9(OLS)http://pul/title/206637 996 $6246$aIl giuoco delle parti$9(OLS)http://pul/title/206638 996 $6260$aMilano :$bA. Mondadori$9(OLS)http://pul/publisher/48249